Normal view
MARC view
Entry Topical Term
001 - CONTROL NUMBER
- control field: 60097
003 - CONTROL NUMBER IDENTIFIER
- control field: OSt
005 - DATE AND TIME OF LATEST TRANSACTION
- control field: 20260413145322.0
008 - FIXED-LENGTH DATA ELEMENTS
- fixed length control field: 260413|| aca||aabn | a|a d
040 ## - CATALOGING SOURCE
- Original cataloging agency: OSt
- Transcribing agency: OSt
150 ## - HEADING--TOPICAL TERM
- Topical term or geographic name entry element: Instrumental variable (IV), Endogeneity, Causal impact, Entrepreneur
670 ## - SOURCE DATA FOUND
- Source citation: Work cat.: (OSt): Boahen, Emmanuel Adu Dankwah, Justice Boateng and Kwakwa, Paul Adjei 60096, Years of entrepreneurs’ schooling and business performance nexus: Evidence from an emerging economy
